| 000 | 01521nam a22002777a 4500 | ||
|---|---|---|---|
| 005 | 20080617150854.0 | ||
| 010 | _aENG-90330 B-423797-798 | ||
| 020 |
_c675.00 _a9780415467322 |
||
| 035 | _aEN-73863 | ||
| 035 | _aB-423797-798 | ||
| 037 | _bDBAD / PUB | ||
| 037 | _bAllied Publishers | ||
| 082 | _a321.80430954 | ||
| 100 |
_aMichelutti, Lucia _932399 |
||
| 245 |
_aThe vernacularisation of democracy: _cby Luica Michelutti _bpolitics, caste and religion in India / |
||
| 260 |
_aNew Delhi _bRoutledge _c2008 |
||
| 270 |
_a912-915, Tolstoy House, _bNew Delhi _e110001 |
||
| 300 |
_axxi, 253p. _c23 cm (Hb) |
||
| 490 |
_aExploring the political in South Asia / edited by Mukulika Banerjee _932400 |
||
| 500 | _aIncludes bibliographical references and index | ||
| 942 |
_cEN _h321.80430954 _2ddc _mMIC |
||
| 999 |
_c13751 _d13751 |
||